000 00628nam a2200181Ia 4500
008 151202s9999||||xx |||||||||||||| ||und||
082 _bPNVM-55668
100 _aक्षेत्रमाडे सुमती.
245 _aजीवन स्वप्न.
260 _b"मनोरंजन प्रकाशन,मुंबई."
260 _c1981
300 _a448
600 _aक्षेत्रमाडे सुमती.
630 _aजीवन स्वप्न.
700 _aक्षेत्रमाडे सुमती.
730 _aजीवन स्वप्न.
942 _cBOOK
999 _c1322206
_d1322203